Obálka
Pro půjčování e-knih musíte být přihlášeni.
Jak si půjčit online?

Národní umělci jubilejní sezóny /

Z komentáře k původnímu titulu 8038 0136 (řada EP Národní umělci jubilejní sezóny) vydanému v roce 1983 v Pantonu a nyní vycházejícímu porpvé digitálně v Supraphonu: Národní umělec MARTIN RŮŽEK (*23.9.1918 - 18.12.1995) dědic realistických tradic českého herectví, které cílevědomě obohacuje prostřed...

Celý popis

Uloženo v:
Hlavní autor: Vrchlický, Jaroslav (Autor)
Další autoři: Růžek, Martin (Autor)
Médium: E-audiokniha
Vydáno: Praha : Supraphon a.s., 2018
Tagy:
Žádné tagy
LEADER 02886nim a22002777i 4500
001 313280
007 sr nunnnnnnned
024 |a 099925041021 
044 |a xr 
100 1 |a  Vrchlický, Jaroslav  |4 aut 
245 1 0 |a Národní umělci jubilejní sezóny /  |c  Vrchlický, Jaroslav 
264 1 |a Praha :  |b Supraphon a.s.,  |c 2018 
300 |a 1 online zdroj (13 min., 26 sek.) 
336 |a mluvené slovo  |b spw  |2 rdacontent 
337 |a audio  |b s  |2 rdamedia 
338 |a online zdroj  |b cr  |2 rdacarrier 
505 0 0 |t Verše k otevření Národního divadla (1 min., 59 sek.) 
505 0 0 |t Monolog Karla IV. z 1.dějství (3 min., 36 sek.) 
505 0 0 |t Slib umělců při otevření Národního divadla 18.listopadu 1883 (3 min., 8 sek.) 
505 0 0 |t Monolog vodníka Ivana z 2.dìjství (4 min., 55 sek.) 
520 2 |a Z komentáře k původnímu titulu 8038 0136 (řada EP Národní umělci jubilejní sezóny) vydanému v roce 1983 v Pantonu a nyní vycházejícímu porpvé digitálně v Supraphonu: Národní umělec MARTIN RŮŽEK (*23.9.1918 - 18.12.1995) dědic realistických tradic českého herectví, které cílevědomě obohacuje prostředky novodobé estetiky, opíral vždy své poznání světa o bouřlivé dotyky se životními procesy. Hrál a učil se od r. 1939 všude, kde byla příležitost: na ochotnickém jevišti, na poloprofesionálních scénách, u kočujících společností, u hereckých mistrů...Je výraznou osobností našeho reprezentativního hereckého souboru; spoluvytváří jeho umělecký styl, odpovídající společenskému vývoji. Znalostí života i proniknutím do tajemství herecké tvorby je dokonale vybaven nejen pro jeviště; prostřednictvím novodobých médií - filmu a televize - proslulo jeho herecké mistrovství i v zahraničí. Přemnohé jsou jeho služby rozhlasovému umění, velkým tvůrčím vkladem přispěl i k úrovni našeho dabingu. ..Z jeho herecké tvorby v Národním divadle si připomeňme Tartuffa, Krále v Tomáši Becketovi, Sigmunda v Janu Roháčovi, Kuchaře v Matce Kuráži a jejích dětech, Dona Juana, Biskupa v Nápadnících trůnu, Valentu v Paličově dceři, Lízala v Maryše, Dvojtečku v letních hostech a Millera v Úkladech a lásce; z jeho filmových počátků pak alespoň Koniáše v Temnu, z tvorby v televizních inscenacích postavy Balzaka, Goyi, Vévody (Na dvoře vévodském), Skočdopole (V zámku a podzámčí) a jedinečně ztvárněného Joea Manxe ve Velké šanci. Jaroslav Nezval 
700 1 |a  Růžek, Martin  |4 nrt 
910 |a RBIT002 
998 |d 402238  |a https://core.palmknihy.cz/api/books/402238/cover?sbdjzu  |b https://core.palmknihy.cz/api/books/402238/cover/400?sbdjzu  |c https://core.palmknihy.cz/api/books/402238/cover/50?sbdjzu  |e 2099-01-01  |i 099925041021  |l 806  |q 49  |r 1  |s https://www.palmknihy.cz/kniha/402238  |t audiobook  |y 2018  |z 1 
999 |d 313278